Off to save the day #6 / written by Landry Q. ... Read More
Available copies
- 1 of 1 copy available at LARL/NWRL Consortium.
- 1 of 1 copy available at Lake Agassiz Regional Library. (Show preferred library)
Current holds
0 current holds with 1 total copy.
Show Only Available Copies
| Location | Call Number / Copy Notes | Barcode | Shelving Location | Status | Due Date |
|---|---|---|---|---|---|
| Crookston Public Library | J G WAL (Text) | 33500011618477 | Main | Available | - |
Record details
- ISBN: 9781434260468 (library binding)
- ISBN: 1434260461 (library binding)
- Physical Description: pages : chiefly col. ill. ; cm.
- Publisher: North Mankato, Minnesota : Capstone Stone Arch Books, 2013.
Content descriptions
| Summary, etc.: | Supergirl wraps up all of the cosmic craziness ... Read More |
Search for related items by subject
| Genre: | Graphic novels. |
Search for related items by series
| LDR | 02105cam a22005058i 4500 | ||
|---|---|---|---|
| 001 | 159399 | ||
| 003 | LARL_NWRL_CONSORTIUM | ||
| 005 | 20131126090135.0 | ||
| 008 | 130425s2013 mnua b 6 000 1 eng c | ||
| 019 | . | ‡a830367267 | |
| 020 | . | ‡a9781434260468 (library binding) | |
| 020 | . | ‡a1434260461 (library binding) | |
| 035 | . | ‡a(OCoLC)841557744 ‡z(OCoLC)830367267 | |
| 042 | . | ‡apcc ‡alcac | |
| 082 | 0 | 4. | ‡a741.5/973 ‡223 |
| 100 | 1 | . | ‡aWalker, Landry Q. ‡q(Landry Quinn), ‡eauthor. ‡0(LARL_NWRL_CONSORTIUM)221091 |
| 245 | 1 | 0. | ‡aOff to save the day ‡n#6 / ‡cwritten by Landry Q. Walker ; illustrated by Eric Jones ; colored by Joey Mason. |
| 260 | . | ‡aNorth Mankato, Minnesota : ‡bCapstone Stone Arch Books, ‡c2013. | |
| 300 | . | ‡apages : ‡bchiefly col. ill. ; ‡ccm. | |
| 336 | . | ‡atext ‡btxt ‡2rdacontent | |
| 336 | . | ‡astill image ‡bsti ‡2rdacontent | |
| 337 | . | ‡aunmediated ‡bn ‡2rdamedia | |
| 338 | . | ‡avolume ‡bnc ‡2rdacarrier | |
| 490 | 0 | . | ‡aSupergirl, cosmic adventures in the 8th grade ; ‡v6 |
| 520 | . | ‡aSupergirl wraps up all of the cosmic craziness that has developed since her arrival on Earth, including arch-frenemies, scheming faculty, an intergalactic orange kitty and a flying horse. | |
| 650 | 0. | ‡aSupergirl (Fictitious character) ‡vComic books, strips, etc. | |
| 650 | 0. | ‡aSuperheroes ‡vComic books, strips, etc. | |
| 650 | 0. | ‡aSupervillains ‡vComic books, strips, etc. | |
| 650 | 0. | ‡aSupergirl (Fictitious character) ‡vJuvenile fiction. | |
| 650 | 0. | ‡aSuperheroes ‡vJuvenile fiction. | |
| 650 | 0. | ‡aSupervillains ‡vJuvenile fiction. | |
| 650 | 1. | ‡aGraphic novels. ‡0(LARL_NWRL_CONSORTIUM)40036 | |
| 650 | 1. | ‡aSuperheroes ‡vFiction. | |
| 650 | 1. | ‡aSupervillains ‡vFiction. | |
| 655 | 0. | ‡aGraphic novels. | |
| 700 | 1 | . | ‡aJones, Eric, ‡eillustrator. |
| 901 | . | ‡a159399 ‡bOCLC ‡c159399 ‡tbiblio | |

Add to basket
Permalink
Disable Highlighting